| 000 | 00682nam a22002177a 4500 | ||
|---|---|---|---|
| 999 |
_c10849 _d10849 |
||
| 003 | AR-CdUCM | ||
| 008 | 190402b ||||| |||| 00| 0 spa d | ||
| 040 |
_aMUNICIPALIDAD PROVINCIAL DEL CUSCO _cBIBLIOTECA MUNICIPAL DEL CUSCO |
||
| 082 |
_aEP / 803 / _bQ99 |
||
| 110 |
_aSociedad - Zoológica de Francfort _927904 |
||
| 245 | _aQ´ora el gato andino / | ||
| 260 |
_bAndean Mountain Spirit, _c2009. |
||
| 300 |
_a16 paginas ; _bilustraciones, graficos, dibujos, cuadros, mapas, _c29 cm. |
||
| 500 | _aCuento | ||
| 650 |
_aZoologica _927905 |
||
| 650 |
_aDibujos _92628 |
||
| 650 |
_aLiteratura _983 |
||
| 700 |
_aArevalo, Carlos _927906 |
||
| 942 |
_2ddc _cLIBROS |
||
| 945 | _apjha | ||